| 000 | 02730 a2200265 4500 | ||
|---|---|---|---|
| 001 | 48124 | ||
| 005 | 20260407155748.0 | ||
| 008 | 260407a2015 arg spa d | ||
| 003 | AR-UNSa-BCEJYS | ||
| 040 |
_aAR-UNSa-BCEJYS _bspa _cAR-UNSa-BCEJYS |
||
| 080 |
_a658.15 _xAdministración financiera privada. Gestión financiera de empresas |
||
| 245 | 1 | 0 | _aPrincipios de finanzas corporativas |
| 020 | _a978-607-15-1312-0 | ||
| 250 | _a11a. ed. | ||
| 264 | 1 |
_aMéxico : _bMcGraw-Hill _c2015 |
|
| 300 |
_axxii, 926 p. _c27 cm. |
||
| 505 | _aPRIMERA PARTE: Valor: 1. Introducción a las finanzas corporativas - 2. Cómo calcular valores presentes - 3. Valuación de bonos - 4. Valuación de acciones ordinarias - 5. Valor presente neto y otros criterios de inversión - 6. Toma de decisiones de inversión con la regla del valor presente neto - SEGUNDA PARTE: Riesgo: 7. Introducción al riesgo y al rendimiento - 8. Teoría del portafolio y modelo de valuación de activos de capital - 9. Riesgo y costo del capital - TERCERA PARTE: Las mejores prácticas en el presupuesto de capital: 10. Análisis de proyectos - 11. Inversión, estrategia y rentas económicas - 12. Problemas de agencia, compensación y medición del desempeño - CUARTA PARTE: Decisiones financieras y eficiencia de mercado - 13. Mercados eficientes y finanzas conductuales - 14. Panorama general del financiamiento corporativo - 15. Forma en la que las corporaciones emiten valores - QUINTA PARTE: Políticas de pago y estructura de capital: 16. Política de pago de dividendos - 17. ¿Es importante la política de endeudamiento? - 18. ¿Cuánto debe endeudarse una empresa? - 19. Financiamiento y valuación - SEXTA PARTE: Opciones: 20. Entender las opciones - 21. Valuación de opciones - 22. Opciones reales - SÉPTIMA PARTE: Financiamiento de la deuda: 23. Riesgo de crédito y valor de la deuda corporativa - 24. Los muchos tipos de deuda - 25. Arrendamiento - OCTAVA PARTE: Administración del riesgo: 26. Administración de riesgos - 27. Administración de riesgos internacionales - NOVENA PARTE: Planeación financiera y administración del capital de trabajo: 28. Análisis financiero - 29. Planeación financiera - 30. Administración del capital de trabajo - DÉCIMA PARTE: Fusiones, control corporativo y gobierno: 31. Fusiones - 32. Reestructuración corporativa - UNDÉCIMA PARTE: Conclusión: 34. Lo que sabemos y lo que no sabemos sobre finanzas. | ||
| 041 | _aspa | ||
| 942 | _cBK | ||
| 590 | _aniveau_biblio:m niveau_hierar:0 | ||
| 100 | 1 | _aBrealey, Richard A. | |
| 700 | 1 | _aMyers, Stewart C. | |
| 700 | 1 | _aAllen, Franklin | |
| 856 | 4 | 1 |
_uhttps://www.biblioeco.unsa.edu.ar/pmb/images/libros/L127877.jpg _yImagen de portada _qimage/jpeg |
| 999 |
_c4563 _d4563 |
||